<?xml version="1.0" encoding="UTF-8"?>
<record
    xmlns:xsi="http://www.w3.org/2001/XMLSchema-instance"
    xsi:schemaLocation="http://www.loc.gov/MARC21/slim http://www.loc.gov/standards/marcxml/schema/MARC21slim.xsd"
    xmlns="http://www.loc.gov/MARC21/slim">

  <leader>00720    a2200217   4500</leader>
  <controlfield tag="003">UA-OsUOA</controlfield>
  <controlfield tag="005">20260508121403.0</controlfield>
  <controlfield tag="008">260508b        un ||||| |||| 00| 0 ukr d</controlfield>
  <datafield tag="022" ind1=" " ind2=" ">
    <subfield code="a">07011792</subfield>
  </datafield>
  <datafield tag="040" ind1=" " ind2=" ">
    <subfield code="a">UA-OsUOA</subfield>
    <subfield code="b">eng</subfield>
    <subfield code="c">UA-OsUOA</subfield>
    <subfield code="d">UA-OsUOA</subfield>
  </datafield>
  <datafield tag="041" ind1=" " ind2=" ">
    <subfield code="a">eng</subfield>
  </datafield>
  <datafield tag="080" ind1=" " ind2=" ">
    <subfield code="a">050</subfield>
  </datafield>
  <datafield tag="090" ind1=" " ind2=" ">
    <subfield code="a">050</subfield>
    <subfield code="b">J80</subfield>
  </datafield>
  <datafield tag="245" ind1=" " ind2=" ">
    <subfield code="a">Journal of Ukrainian Graduate Studies</subfield>
    <subfield code="n">Volume III, Number 2, Fall, 1978</subfield>
  </datafield>
  <datafield tag="260" ind1=" " ind2=" ">
    <subfield code="b">Canadian Institute of Ukrainian Studies</subfield>
    <subfield code="c">1978</subfield>
    <subfield code="a">Toronto</subfield>
  </datafield>
  <datafield tag="300" ind1=" " ind2=" ">
    <subfield code="a">100 p.</subfield>
  </datafield>
  <datafield tag="650" ind1=" " ind2=" ">
    <subfield code="2">UDC</subfield>
    <subfield code="a">050 &#x421;&#x435;&#x440;&#x456;&#x430;&#x43B;&#x44C;&#x43D;&#x456; &#x432;&#x438;&#x434;&#x430;&#x43D;&#x43D;&#x44F;. &#x41F;&#x435;&#x440;&#x456;&#x43E;&#x434;&#x438;&#x43A;&#x430;</subfield>
    <subfield code="9">3723</subfield>
  </datafield>
  <datafield tag="942" ind1=" " ind2=" ">
    <subfield code="c">MG</subfield>
    <subfield code="2">udc</subfield>
  </datafield>
  <datafield tag="955" ind1=" " ind2=" ">
    <subfield code="a">4</subfield>
  </datafield>
  <datafield tag="999" ind1=" " ind2=" ">
    <subfield code="c">580672</subfield>
    <subfield code="d">580672</subfield>
  </datafield>
  <datafield tag="952" ind1=" " ind2=" ">
    <subfield code="0">0</subfield>
    <subfield code="1">0</subfield>
    <subfield code="2">udc</subfield>
    <subfield code="4">0</subfield>
    <subfield code="7">0</subfield>
    <subfield code="a">300</subfield>
    <subfield code="b">300</subfield>
    <subfield code="d">2026-05-08</subfield>
    <subfield code="e">&#x2116;15/06.05.2026 (&#x406;&#x414;&#x423;&#x414;)</subfield>
    <subfield code="g">1.00</subfield>
    <subfield code="i">300889</subfield>
    <subfield code="l">0</subfield>
    <subfield code="o">050 J80</subfield>
    <subfield code="p">300889</subfield>
    <subfield code="r">2026-05-08 12:14:33</subfield>
    <subfield code="v">1.00</subfield>
    <subfield code="w">2026-05-08</subfield>
    <subfield code="y">MG</subfield>
    <subfield code="z">&#x41A;&#x43D;&#x438;&#x433;&#x443; &#x43E;&#x442;&#x440;&#x438;&#x43C;&#x430;&#x43D;&#x43E; &#x432; &#x434;&#x430;&#x440; &#x432;&#x456;&#x434; &#x420;&#x43E;&#x43C;&#x430;&#x43D;&#x430; &#x404;&#x440;&#x438;&#x43D;&#x44E;&#x43A;&#x430;</subfield>
  </datafield>
</record>
